000 00534nam a2200217Ia 4500
005 20240409131727.0
008 131103s9999 xx 000 0 und d
020 _a81 7043 073 9
_cRs 100.00
040 _aLoreto College
041 _aEnglish
082 _a370.1
_bDHI
100 _aDhiman, O.P.
245 _aFoundations of Education
_cO.P. Dhiman
250 _a1st ed.
260 _aDelhi
_bAtma Ram
_c1989
300 _a319p
504 _aIncludes bibliography
650 _aEducation
850 _aLCLIB
942 _cBK
999 _c26394
_d76873